书目信息 |
| 题名: |
模糊蕴涵算子及其模糊系统的响应性能
|
|
| 作者: | 尤飞 著 | |
| 分册: | ||
| 出版信息: | 西安 西北工业大学出版社 2007.05 |
|
| 页数: | 155页 | |
| 开本: | 21cm | |
| 丛书名: | ||
| 单 册: | ||
| 中图分类: | O159 | |
| 科图分类: | ||
| 主题词: | 模糊数学--mo hu shu xue , 控制论--kong zhi lun | |
| 电子资源: | ||
| ISBN: | 978-7-5612-2211-9 | |
| 000 | 00942nam0 2200253 450 | |
| 001 | 012007157361 | |
| 005 | 20070930095936.93 | |
| 010 | @a978-7-5612-2211-9@dCNY10.00 | |
| 100 | @a20070808d2007 km y0chiy0120 ea | |
| 101 | 0 | @achi |
| 102 | @aCN@b610000 | |
| 105 | @ak a 000yy | |
| 200 | 1 | @a模糊蕴涵算子及其模糊系统的响应性能@Amo hu yun han suan zi ji qi mo hu xi tong de xiang ying xing neng@f尤飞著@Fyou fei zhu |
| 210 | @a西安@c西北工业大学出版社@d2007.05 | |
| 215 | @a155页@d21cm | |
| 300 | @a陕西省教育厅专项科研计划项目 (05JK323) 基金,陕西榆林学院学术著作出版基金资助项目 | |
| 320 | @a有书目 (第144-155页)。 | |
| 330 | @a本书共分6章, 着重讨论了以下内容: 从讨论32个模糊蕴涵算子是否满足16条性质的情况出发, 考虑为模糊蕴涵算子与几个蕴涵之间的联系等。 | |
| 606 | 0 | @a模糊数学@Amo hu shu xue |
| 606 | 0 | @a控制论@Akong zhi lun |
| 690 | @aO159@v4 | |
| 701 | 0 | @a尤飞@Ayou fei@4著 |
| 801 | 0 | @aCN@c20070930 |
| 905 | @dO159@eY664 | |
| 模糊蕴涵算子及其模糊系统的响应性能/尤飞著.-西安:西北工业大学出版社,2007.05 |
| 155页;21cm |
| 陕西省教育厅专项科研计划项目 (05JK323) 基金,陕西榆林学院学术著作出版基金资助项目 |
| ISBN 978-7-5612-2211-9:CNY10.00 |
| 本书共分6章, 着重讨论了以下内容: 从讨论32个模糊蕴涵算子是否满足16条性质的情况出发, 考虑为模糊蕴涵算子与几个蕴涵之间的联系等。 |
| ● |
| 相关链接 |
|
|
|
正题名:模糊蕴涵算子及其模糊系统的响应性能
索取号:O159/Y664
 
预约/预借
| 序号 | 登录号 | 条形码 | 馆藏地/架位号 | 状态 | 备注 |
| 1 | 255216 | 202552166 | 自科库401/401自科库 43排1列4层/ [索取号:O159/Y664] | 在馆 | |
| 2 | 255217 | 202552175 | 自科库401/401自科库 43排1列4层/ [索取号:O159/Y664] | 在馆 | |
| 3 | 255218 | 202552184 | 自科库401/401自科库 43排1列4层/ [索取号:O159/Y664] | 在馆 |